000 00550nam a2200121 a 4500
008 120416s2003 ||||||||||||||||| || u
050 _aTHESIS
100 _aKomakoma, Dawson Muleya
245 1 2 _aA critical study of the understanding and application of statutory and tendering procedures in the Z
260 _aKitwe
_bCopperbelt University, School of Built Environment, Department of Building
_c2003
350 _a0.00
995 _D0.00
_FCBU-MAIN LIBRARY (Kitwe)
_H1
_I0.00
_UAVAILABLE
_ZUniversity Collection
999 _c39228
_d39228